[Event "Inarkiev-Wei Yi Match"]
[Site "Magas RUS"]
[Date "2018.08.16"]
[Round "4"]
[White "Wei Yi"]
[Black "Inarkiev,E"]
[Result "1-0"]
[WhiteElo "2735"]
[BlackElo "2690"]

1.e4 e5 2.Nf3 Nc6 3.Bb5 a6 4.Ba4 Nf6 5.O-O Be7 6.Re1 b5 7.Bb3 O-O 8.h3 Bb7
9.d3 d5 10.exd5 Nxd5 11.a4 Nd4 12.Nxd4 exd4 13.axb5 axb5 14.Rxa8 Bxa8 15.Na3 Bb4
16.Bd2 Bxd2 17.Qxd2 Qf6 18.Bxd5 Bxd5 19.Nxb5 Bxg2 20.Kxg2 Qc6+ 21.Kh2 Qxb5
22.Qf4 c5 23.b3 Qa5 24.Re2 Qa1 25.Qd2 Qa8 26.Qf4 g6 27.Re5 Qb8 28.Kg3 Qd6
29.Re4 Qc6 30.Qe5 Rd8 31.h4 Rd5 32.Qe8+ Qxe8 33.Rxe8+ Kg7 34.f4 Kf6 35.Kf3 Rh5
36.Kg4 Rd5 37.Rh8 h6 38.Ra8 Ke6 39.Ra5 Rf5 40.Rb5 Rd5 41.Kf3 f6 42.Rb6+ Kf5
43.Rb5 Ke6 44.Kg4 Rf5 45.Rb6+ Ke7 46.Rb7+ Ke6 47.Rg7 h5+ 48.Kg3 Rd5 49.Kf3 Kf5
50.Rg8 Rd6 51.Rc8 Rd5 52.Rc6 g5 53.hxg5 fxg5 54.Rh6 h4 55.Rh5 Kg6 56.Kg4 h3
57.Rxh3 gxf4 58.Rh8 Kf6 59.Rh6+ Kg7 60.Rc6 Kf7 61.Kxf4 Rh5 62.Kg4 Re5 63.Kf4 Rh5
64.Ke4 Ke7 65.b4 cxb4 66.Kxd4 Rh2 67.Kd5 Kd7 68.Rc4 Rh5+ 69.Kd4 Rb5 70.Rc5 Rb8
71.Kc4 Kd6 72.Rb5 b3 73.cxb3 Rc8+ 74.Kb4 Rc1 75.d4 Rd1 76.Rc5 Rxd4+ 77.Kb5 Rh4
78.b4 Rh8 79.Rc6+ Kd7 80.Kc5 Rb8 81.b5 Rb7 82.Rh6 Kc8 83.Rh8+ Kc7 84.b6+ Kd7
85.Rg8  1-0

[Event "Inarkiev-Wei Yi Match"]
[Site "Magas RUS"]
[Date "2018.08.17"]
[Round "5"]
[White "Inarkiev,E"]
[Black "Wei Yi"]
[Result "1/2-1/2"]
[WhiteElo "2690"]
[BlackElo "2735"]

1.d4 Nf6 2.Nf3 g6 3.Bf4 Bg7 4.e3 O-O 5.Be2 d6 6.h3 c5 7.O-O cxd4 8.exd4 Nc6
9.c3 Nd5 10.Bh2 e5 11.Na3 exd4 12.Nc4 Nb6 13.Nxd6 dxc3 14.bxc3 Bxc3 15.Rc1 Bb4
16.Bb5 Qe7 17.Bxc6 Rd8 18.Nxc8 Raxc8 19.Bd5 Bc3 20.Qb3 Nxd5 21.Rfd1 Rc5 22.Be5 Bxe5
23.Rxc5 Qxc5 24.Nxe5 Rd6 25.Qxb7 Nc7 26.Rxd6 Qxd6 27.Qc8+ Kg7 28.Qh8+ Kxh8
29.Nxf7+ Kg7 30.Nxd6 Kf6 31.Kf1 Ke5 32.Nc8 a6 33.Ke2 Nd5 34.a3 Ke6 35.Kd3 Nf4+
36.Ke4 Nxg2 37.Nb6 g5 38.Nd5 a5 39.a4 h6 40.Nb6 Nf4 41.h4 Nh3 42.hxg5 Nxf2+
43.Kf3 hxg5 44.Kxf2 Kd6 45.Kf3 Kc5 46.Nd7+ Kb4 47.Nb6 Kc5 48.Ke4  1/2-1/2

[Event "Inarkiev-Wei Yi Match"]
[Site "Magas RUS"]
[Date "2018.08.18"]
[Round "6"]
[White "Wei Yi"]
[Black "Inarkiev,E"]
[Result "1/2-1/2"]
[WhiteElo "2735"]
[BlackElo "2690"]

1.e4 e5 2.Nf3 Nc6 3.Bb5 a6 4.Ba4 Nf6 5.O-O Be7 6.Re1 b5 7.Bb3 O-O 8.c3 d5
9.exd5 Nxd5 10.Nxe5 Nxe5 11.Rxe5 c6 12.d3 Bd6 13.Re1 Bf5 14.Qf3 Bg6 15.Bxd5 cxd5
16.Bf4 d4 17.cxd4 Bb4 18.Nc3 Qxd4 19.Be5 Qxd3 20.Re3 Qc4 21.Nd5 Rad8 22.Nxb4 Qxb4
23.a3 Qc5 24.Bc3 Rfe8 25.Rae1 f6 26.Rxe8+ Rxe8 27.Rxe8+ Bxe8 28.Qa8 Qc6 29.Qxc6 Bxc6  1/2-1/2

[Event "Inarkiev-Wei Yi Rapid"]
[Site "Magas RUS"]
[Date "2018.08.20"]
[Round "1"]
[White "Wei Yi"]
[Black "Inarkiev,E"]
[Result "1-0"]
[WhiteElo "2735"]
[BlackElo "2690"]

1.Nf3 d5 2.e3 c5 3.c4 d4 4.b4 dxe3 5.fxe3 cxb4 6.d4 Nf6 7.Bd3 g6 8.a3 bxa3
9.O-O Bg7 10.Nc3 O-O 11.Bxa3 b6 12.Kh1 Nc6 13.Rc1 Bg4 14.h3 Bxf3 15.Qxf3 Rc8
16.Nd5 Qd7 17.g4 Ne8 18.Bc2 Nd6 19.Ba4 Kh8 20.c5 bxc5 21.Rxc5 f5 22.Nf4 Ne4
23.Rxc6 Rxc6 24.d5 Nd2 25.Bxc6 Qc7 26.Ne6 Qa5 27.Qf2 Nxf1 28.Bb2 Ng3+ 29.Qxg3 Bxb2
30.Nxf8 Qa1+ 31.Qg1 Qa3 32.Ne6 Qd3 33.Nf4 Qe4+ 34.Qg2 Qb1+ 35.Kh2 Be5 36.g5 Qd1
37.Qg3 Kg8 38.Kg2 a5 39.Qf2 Qb1 40.Qd2 a4 41.d6 Bxd6 42.Qd5+ Kh8 43.Qd4+ e5
44.Qxd6 Qc2+ 45.Kf3  1-0

[Event "Inarkiev-Wei Yi Rapid"]
[Site "Magas RUS"]
[Date "2018.08.20"]
[Round "2"]
[White "Inarkiev,E"]
[Black "Wei Yi"]
[Result "1-0"]
[WhiteElo "2690"]
[BlackElo "2735"]

1.d4 Nf6 2.Nf3 g6 3.Nbd2 d5 4.e3 Bg7 5.b4 O-O 6.c4 a5 7.b5 c5 8.Bb2 Nbd7
9.Be2 b6 10.O-O Bb7 11.Rc1 Rc8 12.cxd5 Bxd5 13.Bc4 Bb7 14.Qe2 e6 15.Bb3 Qe7
16.Nc4 Nd5 17.e4 Nf4 18.Qe3 Bh6 19.Kh1 Nf6 20.Nfe5 Nxe4 21.f3 Nd6 22.Ng4 Bg5
23.Nxd6 Qxd6 24.h4 h5 25.dxc5 Rxc5 26.Rxc5 bxc5 27.Be5 Qd3 28.Rd1 Qxe3 29.Nxe3 Bh6
30.Rd7 Bc8 31.Rd6 Bb7 32.b6 Ra8 33.Ba4 Ne2 34.Bc6 Bxe3 35.Bxb7 Rf8 36.Ba6 Bf4
37.Bxf4 Nxf4 38.b7 Nd5 39.a3 Ne7 40.Rd7 Nd5 41.Rd6 Ne7 42.Kg1 Rb8 43.Kf2 Kf8
44.Ke2 Ke8 45.Kd3 f5  1-0

[Event "Inarkiev-Wei Yi Rapid"]
[Site "Magas RUS"]
[Date "2018.08.20"]
[Round "3"]
[White "Wei Yi"]
[Black "Inarkiev,E"]
[Result "1-0"]
[WhiteElo "2735"]
[BlackElo "2690"]

1.Nf3 d5 2.e3 Nf6 3.c4 c6 4.Nc3 Bg4 5.Qb3 Qb6 6.Ne5 e6 7.Nxg4 Nxg4 8.Be2 Ne5
9.c5 Qc7 10.d4 Ned7 11.e4 Be7 12.O-O O-O 13.Be3 b6 14.cxb6 axb6 15.Rac1 Qa7
16.a4 Na6 17.Qd1 dxe4 18.Nxe4 Nb4 19.b3 Rac8 20.Bf3 Nf6 21.Nxf6+ Bxf6 22.Rc4 Nd5
23.Qc2 Nxe3 24.fxe3 Bg5 25.Re1 b5 26.axb5 Qa5 27.Kf2 Qxb5 28.Rc5 Bh4+ 29.g3 Qb8
30.Rh5 Bxg3+ 31.hxg3 f5 32.Reh1 h6 33.Rc1 Rf6 34.Qc4 Kh8 35.b4 e5 36.dxe5 Qxe5
37.Qd4 Qe7 38.Qc5 Qd7 39.Rh4 Qd2+ 40.Be2 Re8 41.Qc3 Qd6 42.Qc5 Qd2 43.Qc3 Qd6
44.Rd4 Qe7 45.Bf3 Re6 46.Rd3 Qg5 47.Qd4 Qg6 48.Rc5 Rf6 49.Qf4 Kh7 50.Qd4 Re4
51.Qc3 Rg4 52.Rxc6 Rxc6 53.Qxc6 Rxb4 54.Qxg6+ Kxg6 55.Rd6+ Kg5 56.Be2 Rb8
57.Bc4 Rf8 58.Re6 h5 59.Kf3 g6 60.Bb5 Rf6 61.Rxf6 Kxf6 62.Be8 Kg5 63.Kg2 Kf6
64.Kf2 Kg7 65.Kf3 Kf6 66.Kf4 g5+ 67.Kf3 h4 68.gxh4 gxh4 69.Kf4 h3 70.Bd7 h2
71.Bc6 Ke6 72.Bh1 Kf6 73.Kg3 Kg5 74.Kxh2 f4 75.e4 Kg4 76.Kg2  1-0

[Event "Inarkiev-Wei Yi Rapid"]
[Site "Magas RUS"]
[Date "2018.08.20"]
[Round "4"]
[White "Inarkiev,E"]
[Black "Wei Yi"]
[Result "1/2-1/2"]
[WhiteElo "2690"]
[BlackElo "2735"]

1.d4 Nf6 2.Nf3 g6 3.Nbd2 d5 4.e3 Bg7 5.b4 a5 6.b5 c5 7.bxc6 bxc6 8.Ba3 O-O
9.Be2 Nbd7 10.O-O Ba6 11.Rb1 Re8 12.Bxa6 Rxa6 13.Qe2 Rb6 14.c4 e6 15.Bd6 Bf8
16.Bg3 c5 17.Rxb6 Qxb6 18.Rb1 Qa6 19.Ne5 cxd4 20.exd4 dxc4 21.Qxc4 Qxc4 22.Ndxc4 Nxe5
23.dxe5 Nd5 24.h4 Nc3 25.Rb7 Rc8 26.Nb6 Ne2+ 27.Kh2 Rc3 28.Nd7 Nxg3 29.fxg3 Kg7
30.Rb8 Be7 31.Re8 Bc5 32.Nf6 Bf8 33.g4 h6 34.g5 hxg5 35.hxg5 Ra3 36.Nd7 Bb4
37.Nf6 Bf8 38.Rc8 Rxa2 39.Ne8+ Kg8 40.Nf6+ Kg7 41.Rc4 Be7 42.Ne8+ Kg8 43.Nf6+ Kg7
44.Rh4 Bxf6 45.exf6+ Kg8 46.Rc4 Rd2 47.Kg3 Rd8 48.Ra4 Rd5 49.Kh4 e5 50.g4 Kf8
51.Rc4 Rd8 52.Ra4 Rd5 53.Rc4 Ke8 54.Rc6 e4 55.Kg3 e3 56.Kf3 Rxg5 57.Rc7 Re5
58.Ke2 Re4 59.g5 Re5 60.Ra7 Rxg5 61.Kxe3 Rf5 62.Ra6 a4 63.Ke4 a3 64.Ra8+ Kd7
65.Ra7+ Kd6 66.Rxf7 Ra5 67.Rb7 Re5+ 68.Kd3 Rf5 69.f7 Ke6 70.Ke4 a2 71.Ra7 Rf1
72.Rxa2 Kxf7 73.Ke3 Kg7 74.Rg2 Kh6 75.Ke2 Rf4 76.Rh2+ Kg5 77.Rg2+ Kf5 78.Rg3 Rg4
79.Rf3+ Kg5 80.Rf1 Re4+ 81.Kd3 Rf4 82.Rg1+ Kh5 83.Rh1+ Rh4 84.Rf1 Kg4 85.Rg1+ Kf5
86.Ke3 Re4+ 87.Kf3 Rf4+ 88.Ke2 Rg4 89.Rf1+ Kg5 90.Ke3 Ra4 91.Rg1+ Kh5 92.Kf3 g5
93.Rh1+ Kg6 94.Rb1 g4+ 95.Kg3 Rc4 96.Rb5 Kf7 97.Ra5 Ke6 98.Rg5 Kf6 99.Rxg4  1/2-1/2

[Event "Inarkiev-Wei Yi Rapid"]
[Site "Magas RUS"]
[Date "2018.08.21"]
[Round "5"]
[White "Wei Yi"]
[Black "Inarkiev,E"]
[Result "1-0"]
[WhiteElo "2735"]
[BlackElo "2690"]

1.Nf3 d5 2.e3 Nf6 3.c4 e6 4.Nc3 Bd6 5.b3 O-O 6.Bb2 b6 7.g3 Bb7 8.Bg2 dxc4
9.bxc4 e5 10.O-O Nbd7 11.Qc2 Re8 12.d4 Qe7 13.Rfe1 Rab8 14.e4 exd4 15.Nxd4 Qf8
16.Nd5 c6 17.Nxf6+ Nxf6 18.Nf5 Be5 19.Bxe5 Rxe5 20.f4 Qc5+ 21.Kh1 Re6 22.e5 Nd7
23.Rad1 Nf8 24.Nd6 Re7 25.Qb2 Ba6 26.Rc1 Rd8 27.Qc3 Bc8 28.Rcd1 Red7 29.Ne4 Rxd1
30.Nxc5 bxc5 31.Bxc6 R8d3 32.Qa5 Bh3 33.Kg1 R1d2 34.Be4 Rd4 35.Qxc5 Ne6 36.Qe7 g6
37.Qh4 Bf5 38.Bxf5 gxf5 39.Rb1 Rd8 40.g4 Nxf4 41.Qg5+ Ng6 42.gxf5 h6 43.Qe3 R2d3
44.Qxh6 Nxe5 45.f6  1-0

[Event "Inarkiev-Wei Yi Rapid"]
[Site "Magas RUS"]
[Date "2018.08.21"]
[Round "6"]
[White "Inarkiev,E"]
[Black "Wei Yi"]
[Result "1-0"]
[WhiteElo "2690"]
[BlackElo "2735"]

1.d4 Nf6 2.Nf3 g6 3.Bf4 Bg7 4.e3 O-O 5.Be2 d6 6.O-O c5 7.c3 cxd4 8.exd4 Nc6
9.Nbd2 Nd5 10.Bg3 e5 11.Nc4 Re8 12.Qb3 exd4 13.Nxd6 Rxe2 14.Qxd5 Be6 15.Qb5 Rc2
16.Ng5 Qb6 17.Qd3 Qxb2 18.Nxe6 fxe6 19.c4 Re2 20.Rae1 Rxe1 21.Rxe1 Rf8 22.h4 Ne5
23.Qb3 Qd2 24.f3 Nd3 25.Ne4  1-0

[Event "43rd Olympiad 2018"]
[Site "Batumi GEO"]
[Date "2018.09.24"]
[Round "1.3"]
[White "Onkoud,A"]
[Black "Wei Yi"]
[Result "0-1"]
[WhiteElo "2315"]
[BlackElo "2742"]

1.Nf3 d5 2.c4 d4 3.e3 Nc6 4.d3 e5 5.exd4 exd4 6.a3 a5 7.b3 Nf6 8.Be2 Bc5
9.O-O O-O 10.h3 Re8 11.Re1 Bf5 12.Bf1 Qd6 13.Ra2 Rxe1 14.Nxe1 h6 15.g3 Rb8
16.Bg2 Qd7 17.g4 Bh7 18.Re2 h5 19.Bg5 hxg4 20.Bxf6 gxf6 21.hxg4 Kh8 22.f4 Bd6
23.Bxc6 Qxg4+ 24.Ng2 Rg8 25.Be4 Bxe4 26.dxe4 Bxf4 27.Qxd4 Qxe2 28.Qxf6+ Rg7
29.Qd8+ Kh7 30.Qh4+ Bh6  0-1

[Event "43rd Olympiad 2018"]
[Site "Batumi GEO"]
[Date "2018.09.25"]
[Round "2.40"]
[White "Wei Yi"]
[Black "Rios,Cr"]
[Result "1-0"]
[WhiteElo "2742"]
[BlackElo "2465"]

1.e4 c5 2.Nf3 Nc6 3.Nc3 Nf6 4.Bb5 Qc7 5.O-O Nd4 6.Re1 a6 7.Bc4 d6 8.Nd5 Nxd5
9.exd5 b5 10.Bd3 Bg4 11.Be2 Nxe2+ 12.Qxe2 Qb7 13.a4 b4 14.Qe4 Qc8 15.Qf4 Bxf3
16.Qxf3 h5 17.h3 Rh6 18.c4 g5 19.Re4 Bg7 20.d4 Bf6 21.dxc5 Qxc5 22.Be3 Qc8
23.Re1 Kf8 24.h4 Rg6 25.Bxg5 Bxg5 26.hxg5 Rxg5 27.Rxe7 Qf5 28.Qxf5 Rxf5 29.b3 a5
30.Rd7 Rf6 31.Ree7 Rb8 32.Ra7 Rc8 33.Re3 Rc5 34.Ra8+ Kg7 35.Rg3+ Kh7 36.Rf3 Rxf3
37.gxf3 Kg6 38.Ra6 Kf6 39.Rxd6+ Ke5 40.Rc6 Rxc6 41.dxc6 Kd6 42.Kg2 Kxc6 43.Kg3 Kc5
44.Kh4 Kd4 45.Kxh5 Kc3 46.c5 Kxb3 47.c6 Ka2 48.c7 b3 49.c8=Q b2 50.Qc4+ Ka1
51.Qd4 Ka2 52.Qd5+ Ka1 53.Qxa5 b1=Q 54.Qe5+ Ka2 55.Qd5+ Ka3 56.Qd6+ Ka2 57.Kg5 Qg1+
58.Kf6 Qxf2 59.Qd5+ Ka3 60.a5 Qh4+ 61.Kxf7 Qh7+ 62.Ke8 Qh8+ 63.Kd7 Ka4 64.Kc7 Qh2+
65.Qd6 Qf2 66.a6 Kb5 67.Qd3+ Ka5 68.Qa3+ Kb5 69.Qb3+ Ka5 70.Kc6  1-0

[Event "43rd Olympiad 2018"]
[Site "Batumi GEO"]
[Date "2018.09.26"]
[Round "3.4"]
[White "Cori,J"]
[Black "Wei Yi"]
[Result "1-0"]
[WhiteElo "2664"]
[BlackElo "2742"]

1.d4 Nf6 2.Nf3 g6 3.Bg5 Bg7 4.Nbd2 O-O 5.e3 d5 6.c3 Nbd7 7.Bd3 Re8 8.O-O e5
9.dxe5 Nxe5 10.Nxe5 Rxe5 11.Bf4 Re8 12.h3 c6 13.a4 a5 14.Re1 Nd7 15.Nf3 Nc5
16.Bc2 Ne4 17.Nd4 Bd7 18.Bd3 Qb6 19.Rb1 Rad8 20.f3 Nc5 21.Bc2 Ne6 22.Nxe6 Bxe6
23.Bg5 Rd7 24.Kh1 f5 25.Qd2 h6 26.Bf4 Qd8 27.g4 Rf7 28.Rf1 Ref8 29.Qg2 g5
30.Bh2 Bd7 31.Rbe1 Qc8 32.Bd6 Rd8 33.Bc5 Qc7 34.f4 fxg4 35.fxg5 Be6 36.gxh6 Bxh6
37.hxg4 Qe5 38.Rxf7 Bxf7 39.g5 Bf8 40.Bd4 Qe6 41.Qh2  1-0

[Event "43rd Olympiad 2018"]
[Site "Batumi GEO"]
[Date "2018.09.27"]
[Round "4.6"]
[White "Wei Yi"]
[Black "Stevic,H"]
[Result "1/2-1/2"]
[WhiteElo "2742"]
[BlackElo "2579"]

1.Nf3 d5 2.g3 g6 3.Bg2 Bg7 4.d4 c6 5.c4 Nh6 6.Nc3 Nf5 7.cxd5 cxd5 8.Ne5 e6
9.e3 Nd7 10.Nd3 O-O 11.b3 b6 12.Ba3 Re8 13.O-O a5 14.Re1 Ba6 15.Bf1 Qb8 16.Rc1 Rc8
17.Qd2 h5 18.Be2 Bh6 19.f4 Bg7 20.Nd1 Rxc1 21.Qxc1 Qb7 22.N1f2 Rc8 23.Qd2 Rc6
24.Rc1 Rxc1+ 25.Qxc1 Qc8 26.Qxc8+ Bxc8 27.Nd1 Ba6 28.Kf1 Bf6 29.N3f2 Bxe2+
30.Kxe2 Bg7  1/2-1/2

[Event "43rd Olympiad 2018"]
[Site "Batumi GEO"]
[Date "2018.09.28"]
[Round "5.3"]
[White "Wei Yi"]
[Black "Stocek,J"]
[Result "0-1"]
[WhiteElo "2742"]
[BlackElo "2574"]

1.e4 c5 2.Nf3 Nc6 3.Nc3 d6 4.d4 cxd4 5.Nxd4 Nf6 6.Bg5 e6 7.Qd2 a6 8.O-O-O Be7
9.f4 Bd7 10.Nf3 b5 11.Bxf6 gxf6 12.Kb1 Qb6 13.g3 b4 14.Ne2 a5 15.f5 e5 16.Nc1 Rc8
17.Qd5 Na7 18.Nd2 Bc6 19.Qd3 a4 20.Nc4 Qc5 21.Qf3 Nb5 22.Qe3 Nd4 23.Bd3 d5
24.Nd2 a3 25.exd5 Bxd5 26.Ne4 Qc6 27.Nb3 O-O 28.Rhe1 Nxc2 29.Qh6 Bxb3 30.Ng5 Bxa2+
31.Kc1 Nxe1+ 32.Kd2 Nf3+  0-1

[Event "43rd Olympiad 2018"]
[Site "Batumi GEO"]
[Date "2018.10.01"]
[Round "7.3"]
[White "Wei Yi"]
[Black "Eljanov,P"]
[Result "1/2-1/2"]
[WhiteElo "2742"]
[BlackElo "2703"]

1.Nf3 Nf6 2.c4 b6 3.g3 Bb7 4.Bg2 e6 5.O-O Be7 6.Nc3 O-O 7.Re1 d5 8.cxd5 Nxd5
9.e4 Nxc3 10.bxc3 c5 11.d4 Re8 12.d5 exd5 13.exd5 Nd7 14.Nd2 Bf8 15.Rxe8 Qxe8
16.c4 b5 17.cxb5 Nb6 18.a4 Bxd5 19.Bxd5 Nxd5 20.Bb2 Rd8 21.Qf3 Nb4 22.Ne4 Qe6
23.a5 Nc2 24.Rc1 Nd4 25.Bxd4 cxd4 26.Qd3 Qd5 27.b6 axb6 28.axb6 Rb8 29.Rb1 Rb7
30.Nd2 h5 31.Qb5 Qe6 32.Nc4 d3 33.Na5 Rd7 34.b7 d2 35.Qf1 Bd6 36.b8=R+ Bxb8
37.Rxb8+ Kh7 38.Rb1 Qd5 39.Rd1 Qxa5 40.Qe2 Qd5 41.h4 g6 42.Qe3 Qc4 43.Kh2 Qc2
44.Qe2 Qc3 45.Qe4 Qc5 46.Kg2 Qc1 47.Qe2 Qc2 48.Kh2 Qc3 49.Qe4 Kg7 50.Kg2 Rd6
51.Qe2 Qd4 52.Kh2 Rd7 53.Kg2 Rd8 54.Kh2 Rd5 55.Kg1 Rd6 56.Kh2 Rd7 57.Kg2 f5
58.Qe6 Kh7 59.Kg1 f4 60.gxf4 Qa4 61.Kg2 Qxd1 62.Qxd7+ Kh6 63.Qd4 Qg4+ 64.Kh2 Qxh4+
65.Kg2 Qg4+ 66.Kh2 Kh7 67.Qxd2 Qf5 68.Qd6 Kg7  1/2-1/2

[Event "43rd Olympiad 2018"]
[Site "Batumi GEO"]
[Date "2018.10.03"]
[Round "9.2"]
[White "Naiditsch,A"]
[Black "Wei Yi"]
[Result "1/2-1/2"]
[WhiteElo "2721"]
[BlackElo "2742"]

1.e4 e5 2.Nf3 Nf6 3.Nxe5 d6 4.Nf3 Nxe4 5.d4 d5 6.Bd3 Bf5 7.O-O Be7 8.c4 dxc4
9.Bxc4 O-O 10.Re1 Nc6 11.d5 Nd6 12.dxc6 Nxc4 13.cxb7 Qxd1 14.Rxd1 Rab8 15.Nc3 Rxb7
16.Nd5 Bd6 17.b3 Nb6 18.Bf4 Ba3 19.Ne3 Be4 20.Be5 Re8 21.Bc3 Bc5 22.Nd4 Rbb8
23.Ndf5 f6 24.Bd4 Ba3 25.f3 c5 26.Bc3 Bxf5 27.Nxf5 c4 28.bxc4 Rbc8 29.Bd4 Rxc4
30.Bf2 Rc2 31.Rd3 Bc5 32.Bxc5 Rxc5 33.Ne3 Rec8 34.Rad1 Rc1 35.Rxc1 Rxc1+
36.Kf2 Kf7 37.Ra3 Rc7 38.g4 Nd7 39.Nf5 Ne5 40.Nd6+ Kf8 41.Kg3 Rd7 42.Ra6 Rc7
43.Nb5 Rc5 44.a4 Rd5 45.Rxa7 Rd3 46.a5 Rxf3+ 47.Kg2 Rb3 48.Nd4 Ra3 49.Ne6+ Ke8
50.Nxg7+ Kd8 51.h3 Nc6 52.Ra8+ Kd7 53.Nh5 Ke7 54.a6 Kf7 55.Rh8 Ra2+ 56.Kg3 Ra3+
57.Kh4 Ne5 58.Rxh7+ Kg6 59.Ra7 Kh6 60.Nf4 Rf3 61.Ra8 Rxf4 62.a7 Ng6+ 63.Kg3 Ra4
64.h4 Ra3+ 65.Kf2  1/2-1/2

[Event "17th Asian Continental"]
[Site "Makati PHI"]
[Date "2018.12.10"]
[Round "1.2"]
[White "Gomez,Joh"]
[Black "Wei Yi"]
[Result "0-1"]
[WhiteElo "2450"]
[BlackElo "2728"]

1.d4 Nf6 2.c4 e6 3.Nc3 Bb4 4.Bd2 O-O 5.a3 Bxc3 6.Bxc3 b6 7.Nf3 Bb7 8.g3 Ne4
9.Rc1 d6 10.Bg2 Nd7 11.O-O a5 12.d5 e5 13.Be1 f5 14.Nd2 Nef6 15.Qc2 g6 16.e4 f4
17.b4 Ra7 18.Bh3 axb4 19.axb4 Nh5 20.Nf3 Bc8 21.Be6+ Kh8 22.Bc3 Ndf6 23.Ra1 Rxa1
24.Rxa1 Bxe6 25.dxe6 Qe7 26.Ra7 fxg3 27.hxg3 Qxe6 28.Rxc7 Nf4 29.gxf4 Qg4+
30.Kf1 Qxf3 31.fxe5 dxe5 32.Re7 Qh1+ 33.Ke2 Ng4 34.Bxe5+  0-1

[Event "17th Asian Continental"]
[Site "Makati PHI"]
[Date "2018.12.11"]
[Round "2.1"]
[White "Wei Yi"]
[Black "Xu,Yi"]
[Result "1-0"]
[WhiteElo "2728"]
[BlackElo "2533"]

1.Nf3 Nf6 2.c4 e6 3.Nc3 d5 4.e3 b6 5.b3 a6 6.g3 Bb7 7.Bg2 Bd6 8.Bb2 O-O 9.O-O Nbd7
10.Qe2 Re8 11.Rfd1 Qe7 12.d4 Ne4 13.Nxe4 dxe4 14.Ne5 Nf8 15.Qc2 f5 16.f4 exf3
17.Bxf3 c5 18.Nc6 Qc7 19.d5 exd5 20.Bxd5+ Kh8 21.Nb4 cxb4 22.Bxb7 Rad8 23.Bxa6 Bxg3
24.hxg3 Rxd1+ 25.Rxd1 Rxe3 26.Qf2 Rxg3+ 27.Kf1 f4 28.Rd5 Ne6 29.Be5 Qf7 30.Bxf4 Rc3
31.Be3 Qc7 32.Bxb6 Rc1+ 33.Kg2 Qc6 34.Bc8 Rc2 35.Qxc2 Nf4+ 36.Kf1 Nxd5 37.Qf5 Nf6
38.Bd4  1-0

[Event "17th Asian Continental"]
[Site "Makati PHI"]
[Date "2018.12.12"]
[Round "3.1"]
[White "Ganguly,S"]
[Black "Wei Yi"]
[Result "1/2-1/2"]
[WhiteElo "2621"]
[BlackElo "2728"]

1.e4 e5 2.Nf3 Nf6 3.d4 Nxe4 4.dxe5 d5 5.Nbd2 Qd7 6.Nb3 Be7 7.Bd3 c5 8.c4 dxc4
9.Bxe4 Qxd1+ 10.Kxd1 cxb3 11.axb3 Nc6 12.Bxc6+ bxc6 13.Be3 Be6 14.Ke2  1/2-1/2

[Event "17th Asian Continental"]
[Site "Makati PHI"]
[Date "2018.12.13"]
[Round "4.1"]
[White "Wei Yi"]
[Black "Firouzja,Alireza"]
[Result "1-0"]
[WhiteElo "2728"]
[BlackElo "2607"]

1.e4 c5 2.Nc3 d6 3.Nge2 Nc6 4.d4 cxd4 5.Nxd4 Nf6 6.g3 g6 7.Nxc6 bxc6 8.Bg2 Bb7
9.b3 Bg7 10.Bb2 O-O 11.O-O Qc8 12.Qd2 Rd8 13.Rad1 c5 14.Rfe1 e6 15.e5 Ng4
16.exd6 Bd4 17.Bxb7 Qxb7 18.Ne4 Bxb2 19.c3 Ba3 20.Qf4 f5 21.Ng5 c4 22.b4 Bb2
23.Nxe6 Bxc3 24.Nxd8 Qb5 25.a4 Nxf2 26.axb5 Nh3+ 27.Kf1  1-0

[Event "17th Asian Continental"]
[Site "Makati PHI"]
[Date "2018.12.14"]
[Round "5.2"]
[White "Ni Hua"]
[Black "Wei Yi"]
[Result "1/2-1/2"]
[WhiteElo "2683"]
[BlackElo "2728"]

1.e4 e5 2.Nf3 Nf6 3.Nxe5 d6 4.Nf3 Nxe4 5.Qe2 Qe7 6.d3 Nf6 7.Nc3 Qxe2+ 8.Bxe2 Be7
9.O-O O-O 10.Re1 a6 11.Bf1 Nc6 12.h3 Re8 13.Bd2  1/2-1/2

[Event "17th Asian Continental"]
[Site "Makati PHI"]
[Date "2018.12.15"]
[Round "6.2"]
[White "Wei Yi"]
[Black "Le Quang Liem"]
[Result "1/2-1/2"]
[WhiteElo "2728"]
[BlackElo "2714"]

1.Nf3 Nf6 2.c4 b6 3.g3 Bb7 4.Bg2 c5 5.O-O g6 6.Nc3 Bg7 7.d4 cxd4 8.Qxd4 Nc6
9.Qf4 Qb8 10.Rd1 Qxf4 11.Bxf4 Nd8 12.Rac1 Ne6 13.Be3 d6 14.b3 Ng4 15.Bd2 Rc8
16.Ng5 Bxg2 17.Nxe6 fxe6 18.Kxg2 Nf6 19.Be3 Kf7 20.f4 Nd7 21.Bd4 Bxd4 22.Rxd4 a6
23.Ne4 h6 24.Nf2 Rc5 25.Nd3 Ra5 26.a4 Rc8 27.Ra1 b5 28.cxb5 axb5 29.Ne5+ dxe5
30.Rxd7 bxa4 31.Rxa4 Rxa4 32.bxa4 Ra8  1/2-1/2

[Event "17th Asian Continental"]
[Site "Makati PHI"]
[Date "2018.12.17"]
[Round "8.2"]
[White "Wei Yi"]
[Black "Abdusattorov,Nodirbek"]
[Result "1-0"]
[WhiteElo "2728"]
[BlackElo "2546"]

1.Nf3 Nf6 2.c4 e6 3.Nc3 b6 4.e4 Bb7 5.Qe2 c5 6.e5 Ng4 7.d4 cxd4 8.Nxd4 Nh6
9.Bxh6 gxh6 10.h4 Nc6 11.O-O-O Qb8 12.Nf3 Bg7 13.Ne4 O-O 14.Nd6 f6 15.Rh3 f5
16.Rg3 Nd8 17.Nd4 Kh8 18.f4 Nf7 19.N4b5  1-0

[Event "chess.com Junior Speed"]
[Site "chess.com INT"]
[Date "2019.05.31"]
[Round "1.16"]
[White "Praggnanandhaa,R"]
[Black "Wei Yi"]
[Result "1-0"]
[WhiteElo "2536"]
[BlackElo "2736"]

1.e4 e5 2.Nf3 Nc6 3.Bc4 Bc5 4.c3 Nf6 5.d3 a6 6.Bb3 d6 7.h3 h6 8.Nbd2 Ba7
9.Qe2 Be6 10.Bc2 Qd7 11.Nf1 O-O-O 12.b4 d5 13.a4 Qd6 14.Ng3 Ne7 15.O-O Rhe8
16.d4 Nxe4 17.Bxe4 exd4 18.Bd3 dxc3 19.Kh1 Qxb4 20.Ba3 Qa5 21.Rfb1 Nc6 22.Qc2 d4
23.Ne4 f5 24.Ng3 g6 25.Ne2 g5 26.Ng3 g4 27.Nh4 gxh3 28.Bxf5 hxg2+ 29.Kxg2 Bxf5
30.Nhxf5 d3 31.Qb3 Qd5+ 32.Qxd5 Rxd5 33.Rc1  1-0

[Event "chess.com Junior Speed"]
[Site "chess.com INT"]
[Date "2019.05.31"]
[Round "1.17"]
[White "Wei Yi"]
[Black "Praggnanandhaa,R"]
[Result "1-0"]
[WhiteElo "2736"]
[BlackElo "2536"]

1.e4 c5 2.Nc3 Nc6 3.Bb5 Nd4 4.Nf3 g6 5.Ba4 Bg7 6.O-O a6 7.Nxd4 cxd4 8.Ne2 e6
9.c3 dxc3 10.dxc3 b5 11.Bc2 Bb7 12.Qd6 Ne7 13.Rd1 Bc6 14.a4 bxa4 15.Bxa4 Qc8
16.Bg5 f6 17.Be3 Qb8 18.Qxb8+ Rxb8 19.Bxc6 Nxc6 20.b4 f5 21.exf5 gxf5 22.Rxa6 Be5
23.f4 Bc7 24.Nd4 Nxd4 25.Bxd4 Rg8 26.Be3 Ke7 27.Bc5+ d6 28.Raxd6 Kf6 29.Bd4+ Kg6
30.Rxe6+ Kf7 31.Rf6+  1-0

[Event "chess.com Junior Speed"]
[Site "chess.com INT"]
[Date "2019.05.31"]
[Round "1.18"]
[White "Praggnanandhaa,R"]
[Black "Wei Yi"]
[Result "1-0"]
[WhiteElo "2536"]
[BlackElo "2736"]

1.e4 e5 2.Nf3 b6 3.Nxe5 Bb7 4.Nc3 Nf6 5.Bd3 Qe7 6.Nf3 d5 7.e5 Nc6 8.O-O Nxe5
9.Nxe5 Qxe5 10.Re1 Ne4 11.Bb5+ c6 12.d4 Qe6 13.Bd3 f5 14.f3 O-O-O 15.fxe4 dxe4
16.Bf1 Rxd4 17.Qe2 Rd7 18.Be3 Bd6 19.Bf2 h6 20.Rad1 g5 21.Qc4 Qg6 22.Nb5 Kb8
23.Nxd6 Rxd6 24.Rxd6 Qxd6 25.Rxe4 Rd8 26.Re1 f4 27.Qf7 c5 28.Re7 Qd1 29.Rxb7+  1-0

[Event "chess.com Junior Speed"]
[Site "chess.com INT"]
[Date "2019.05.31"]
[Round "1.11"]
[White "Wei Yi"]
[Black "Praggnanandhaa,R"]
[Result "1-0"]
[WhiteElo "2736"]
[BlackElo "2536"]

1.e4 c5 2.Nf3 Nc6 3.Bb5 g6 4.O-O Bg7 5.Re1 e5 6.Bxc6 dxc6 7.d3 Qe7 8.a4 Nf6
9.Na3 Nd7 10.Nc4 f6 11.a5 Nf8 12.Bd2 Ne6 13.Qb1 Nd4 14.Nxd4 cxd4 15.b4 O-O
16.b5 c5 17.b6 Be6 18.bxa7 Rxa7 19.Qb5 Rfa8 20.Nb6 Rd8 21.Reb1 f5 22.Nd5 Bxd5
23.exd5 Qd6 24.Bg5 Rda8 25.Qc4 Rxa5 26.Rxa5 Rxa5 27.h4 b5 28.Rxb5 Rxb5 29.Qxb5 Qxd5
30.Qe8+ Bf8 31.Bh6 Qf7 32.Qc8 Qe7 33.Bg5 Qd6 34.Bh6 Kf7 35.Qb7+ Be7 36.Bg5 Qe6
37.g3 e4 38.Kf1 exd3 39.cxd3 Kf8 40.Qb8+ Kg7 41.Qb7 Kf8 42.Qb8+ Kg7 43.Qe8 Qf7
44.Qxe7 Qxe7 45.Bxe7  1-0

[Event "chess.com Junior Speed"]
[Site "chess.com INT"]
[Date "2019.05.31"]
[Round "1.14"]
[White "Praggnanandhaa,R"]
[Black "Wei Yi"]
[Result "0-1"]
[WhiteElo "2536"]
[BlackElo "2736"]

1.e4 e5 2.Nf3 Nc6 3.Bc4 Nf6 4.d3 h6 5.O-O d6 6.c3 g5 7.Nbd2 Bg7 8.Bb3 g4
9.Nh4 Nxe4 10.Nxe4 Qxh4 11.f4 Be6 12.f5 Bd7 13.d4 exd4 14.f6 Bf8 15.cxd4 Qh5
16.Ng3 Qg6 17.Bc2 Qg8 18.Re1+ Kd8 19.Bf4 h5 20.Nf5 h4 21.Qe2 Rh5 22.Ne7 Bxe7
23.fxe7+ Ke8 24.Qd2 Rd5 25.Bb3 Rxd4 26.Qe3 Be6 27.Rac1 Bxb3 28.axb3 Rd5 29.Qe4 f5
30.Qa4 Ra5 31.Qc4 Qxc4 32.Rxc4 Kd7 33.Bg5 Re8 34.Bxh4 Re5 35.Rxe5 Nxe5 36.Rc1 Ng6
37.Bg5 Nxe7 38.Rf1 Rf8 39.h4 gxh3 40.gxh3 Ng6 41.h4 Rh8 42.Rxf5 Nxh4 43.Rf7+ Kc6
44.Bf6 Rg8+ 45.Kf2 Ng6 46.Ke3 Rf8 47.Rxf8 Nxf8 48.Kd3 Kb5  0-1

[Event "chess.com Junior Speed"]
[Site "chess.com INT"]
[Date "2019.05.31"]
[Round "1.15"]
[White "Wei Yi"]
[Black "Praggnanandhaa,R"]
[Result "1-0"]
[WhiteElo "2736"]
[BlackElo "2536"]

1.e4 c5 2.Nf3 Nc6 3.Bb5 g6 4.O-O Bg7 5.Re1 e5 6.Bxc6 dxc6 7.a4 b6 8.Na3 Qe7
9.Nc4 f6 10.d3 Nh6 11.h3 Nf7 12.Be3 O-O 13.c3 Be6 14.Qc2 f5 15.exf5 gxf5
16.b3 Bd5 17.Ncd2 Qf6 18.c4 Be6 19.Nf1 Qg6 20.Bd2 f4 21.Kh1 Rad8 22.Bc3 Rxd3
23.Rad1 Rxc3 24.Qxc3 e4 25.Qc2 exf3 26.Qxg6 hxg6 27.Rxe6 Ne5 28.gxf3 Kf7
29.Red6 Ke7 30.Nh2 Rh8 31.Kg2 Nf7 32.Rd7+ Ke8 33.Ng4 g5 34.Rxa7 Bd4 35.Re1+ Kf8
36.Ree7 Nd6 37.Red7 Ne8 38.Ra8  1-0